Steve Carella a spol. : Provokatér, Poldové. Není hluchý jako hluchý /
Uložené v:
| Hlavný autor: | |
|---|---|
| Médium: | Kniha |
| Jazyk: | Czech English |
| Vydané: |
Praha :
Odeon,
1990
|
| Vydanie: | 4. vyd. |
| ISBN: |
8020704086 (viaz.) |
| Fyzický popis: |
558 s. |
| Tagy: |
Pridať tag
Žiadne tagy, Buďte prvý kto otaguje tento záznam!
|
Titul je dostupný aj v ... 

MARC
| LEADER | 00000nam a2200000 a 4500 | ||
|---|---|---|---|
| 001 | 000216430 | ||
| 005 | 20060911150035.0 | ||
| 008 | 060420s1990 xr e 000 0 czeo | ||
| 020 | |a 8020704086 (viaz.) | ||
| 040 | |a SVKKK |b slo |c SVKKK |e AACR2 | ||
| 041 | 1 | |a cze |h eng | |
| 044 | |a xr |c CZ | ||
| 100 | 1 | |a McBain, Ed, |d 1926-2005 |4 aut | |
| 245 | 1 | 0 | |a Steve Carella a spol. : |b Provokatér, Poldové. Není hluchý jako hluchý / |c Ed Mac Bain |
| 250 | |a 4. vyd. | ||
| 260 | |a Praha : |b Odeon, |c 1990 | ||
| 300 | |a 558 s. | ||
| 910 | |a svkkk | ||
| 919 | |a 80-207-0408-6 | ||
| 998 | |a BK | ||
| 090 | |g SCKHL |k Sklad Pribinova 2. posch. |a II.336487 |j 814987 |i 216430-10 |s Absenčne | ||